| 000 | 00869nam a22002657a 4500 | ||
|---|---|---|---|
| 005 | 20240530110906.0 | ||
| 008 | 220214s2008 ua g 000 0 ara d | ||
| 017 |
_bمصر. دار الكتب _a2008/11346 |
||
| 020 | _a9789776276260 | ||
| 040 |
_aEG-CaGPL _cEG-CaGPL |
||
| 082 | 0 | 4 |
_221 _a325.3 / _bم ا |
| 100 | 0 | _aمصطفى عبدالغنى | |
| 245 | 1 | 0 |
_aاقنعة الغرب / _cمصطفى عبدالغنى |
| 250 | _aط. 1 | ||
| 260 |
_aالقاهرة : _bدار العالم العربى، _c2008 |
||
| 300 |
_a262 ص. ؛ _c24 سم |
||
| 490 | 1 |
_aاوراق السنين ؛ _v1 |
|
| 600 | 0 | _aمكيافيللى | |
| 650 | 0 | 7 |
_aالاستعمار الجديد _2qrmak |
| 650 | 0 | 7 | _aالصهيونية |
| 650 | 0 | 7 |
_aالبحر الميت _vمخطوطات |
| 651 | _2qrmak | ||
| 942 |
_2ddc _cBK |
||
| 999 |
_c66217 _d66217 |
||